| 000 | 00564naa a22001697a 4500 | ||
|---|---|---|---|
| 003 | OSt | ||
| 005 | 20190516102110.0 | ||
| 008 | 190516e xxu||||| |||| 00| 0 spa d | ||
| 040 | _cPJ | ||
| 100 |
_9528 _aMosset Iturraspe, Jorge |
||
| 245 | 1 | 0 |
_aAccidentes ferroviarios / _cJorge Mosset Iturraspe. |
| 300 | _ap. 74-79 | ||
| 650 | 0 |
_91467 _aRESPONSABILIDAD CIVIL |
|
| 650 | 0 |
_94277 _aACCIDENTE FERROVIARIO |
|
| 773 | 0 |
_02857 _93234 _b3a. ed. _dBuenos Aires : Abeledo-Perrot, 1996. _o3329 _tEnciclopedia de la responsabilidad civil. Tomo I _z95020009460 |
|
| 942 |
_2udc _cART |
||
| 999 |
_c2863 _d2863 |
||